[Event "ENCI Limburg-open A"]
[Site "Maastricht"]
[Date "2009.06.01"]
[Round "7"]
[White "Miesen, Fabian"]
[Black "Simenon, Jozef"]
[Result "0-1"]
[WhiteElo "2082"]
[BlackElo "2213"]
[PlyCount "106"]
[EventDate "2009.05.29"]
[EventType "swiss"]
[EventRounds "7"]
[EventCountry "NED"]
[Source "P.Boonen"]
[SourceDate "2010.01.01"]

1. e4 c5 2. Nf3 g6 3. d4 cxd4 4. Nxd4 Nc6 5. Be3 Bg7 6. Bc4 Nf6 7. Nc3 O-O 8.
Bb3 d6 9. f3 Bd7 10. h4 Qa5 11. Qd2 Rfc8 12. O-O-O Ne5 13. h5 Nxh5 14. Bh6 Bxh6
15. Qxh6 Rxc3 16. bxc3 Nf6 17. g4 Qxc3 18. Nf5 Bxf5 19. gxf5 Nc4 20. Bxc4 Qxc4
21. fxg6 fxg6 22. Rdg1 Kf7 23. Qg5 Rg8 24. f4 Qxa2 25. Qb5 Qa1+ 26. Qb1 Qa3+
27. Qb2 Qe3+ 28. Kb1 Qxe4 29. Re1 Qc6 30. Rh3 Rc8 31. Rb3 b6 32. f5 gxf5 33.
Rg3 e5 34. Reg1 a5 35. Rg7+ Ke6 36. Ra7 Qc3 37. Qxc3 Rxc3 38. Kb2 Rc6 39. Rgg7
f4 40. Kc1 f3 41. Rae7+ Kf5 42. Rg3 e4 43. Kd2 f2 44. Ke2 Rxc2+ 45. Kf1 d5 46.
Rf3+ Kg5 47. Re5+ Kg6 48. Rf4 Rc6 49. Kxf2 d4 50. Ke1 d3 51. Kd2 a4 52. Ke3 a3
53. Rb5 Rd6 0-1

[Event "ENCI Limburg-open A"]
[Site "Maastricht"]
[Date "2009.06.01"]
[Round "7"]
[White "Mueller, Claudia"]
[Black "Doggers, Peter"]
[Result "0-1"]
[WhiteElo "2021"]
[BlackElo "2279"]
[PlyCount "66"]
[EventDate "2009.05.29"]
[EventType "swiss"]
[EventRounds "7"]
[EventCountry "NED"]
[Source "P.Boonen"]
[SourceDate "2010.01.01"]

1. e4 c5 2. Nc3 Nc6 3. f4 g6 4. Nf3 Bg7 5. Bb5 Nd4 6. Bc4 e6 7. O-O Ne7 8. d3
d5 9. exd5 exd5 10. Bb5+ Nxb5 11. Nxb5 d4 12. Qe1 O-O 13. Bd2 a6 14. Na3 b5 15.
Qf2 Bb7 16. Rfe1 Re8 17. Re2 Qd7 18. Ne5 Qd5 19. Rae1 Nf5 20. b3 h5 21. Nb1 Re7
22. Nf3 Rxe2 23. Rxe2 c4 24. dxc4 bxc4 25. Na3 c3 26. Bc1 d3 27. cxd3 Qxd3 28.
Nc2 Rd8 29. Ba3 h4 30. Bc5 h3 31. Nce1 Qd1 32. Qf1 hxg2 33. Rxg2 c2 0-1

[Event "ENCI Limburg-open A"]
[Site "Maastricht"]
[Date "2009.06.01"]
[Round "7"]
[White "Nabuurs, Mart"]
[Black "Henris, Luc"]
[Result "1/2-1/2"]
[WhiteElo "2108"]
[BlackElo "2265"]
[PlyCount "108"]
[EventDate "2009.05.29"]
[EventType "swiss"]
[EventRounds "7"]
[EventCountry "NED"]
[Source "P.Boonen"]
[SourceDate "2010.01.01"]

1. e4 e5 2. Nf3 d6 3. d4 exd4 4. Nxd4 Nf6 5. Nc3 Be7 6. Be2 O-O 7. O-O Re8 8.
f4 Bf8 9. Bf3 c5 10. Nf5 Nc6 11. g4 g6 12. Ne3 Nd4 13. Bg2 Bd7 14. g5 Nh5 15.
Ncd5 Bc6 16. c3 Ne6 17. h4 Nc7 18. Bf3 Bxd5 19. Nxd5 Nxd5 20. Qxd5 Qd7 21. Kh2
b5 22. Be3 Rab8 23. Rg1 Qe6 24. Rad1 Rb6 25. f5 Qxd5 26. Rxd5 Ng7 27. Bf4 b4
28. Rg2 Ra6 29. cxb4 cxb4 30. b3 Rc8 31. Bg4 Re8 32. Bf3 Nh5 33. Bxh5 gxh5 34.
Rd4 Rb6 35. Rgd2 h6 36. Kg3 a5 37. Kf3 Rc6 38. Rd5 Rc1 39. Bxd6 Bxd6 40. Rxd6
hxg5 41. hxg5 Rf1+ 42. Kg2 Rf4 43. Rd8 Rfxe4 44. Kh3 Rxd8 45. Rxd8+ Kg7 46. Rd5
Rg4 47. Rxa5 Rxg5 48. Kh4 Rg2 49. Kxh5 Kf6 50. Kh4 Rf2 51. Kg4 Rg2+ 52. Kf3 Rh2
53. Ke4 Rh4+ 54. Ke3 Kg5 1/2-1/2

[Event "ENCI Limburg-open A"]
[Site "Maastricht"]
[Date "2009.06.01"]
[Round "7"]
[White "Noiroux, Kevin"]
[Black "Schleipfenbauer, Frank"]
[Result "1-0"]
[WhiteElo "2137"]
[BlackElo "2040"]
[PlyCount "87"]
[EventDate "2009.05.29"]
[EventType "swiss"]
[EventRounds "7"]
[EventCountry "NED"]
[Source "P.Boonen"]
[SourceDate "2010.01.01"]

1. d4 Nf6 2. c4 g6 3. Nc3 Bg7 4. e4 O-O 5. Be2 d6 6. f4 e5 7. dxe5 dxe5 8. Qxd8
Rxd8 9. fxe5 Ng4 10. Bg5 f6 11. exf6 Bxf6 12. Bxf6 Nxf6 13. Nd5 Ne8 14. O-O-O
Kg7 15. Rd2 Nc6 16. Nf3 Be6 17. Ng5 Bg8 18. b3 h6 19. Nh3 Ne5 20. Rhd1 c6 21.
Nc7 Rxd2 22. Nxe8+ Rxe8 23. Rxd2 g5 24. Nf2 Bh7 25. Bf3 Re7 26. Kd1 Bg6 27. Ke2
h5 28. Ke3 Nd7 29. g3 Kf7 30. h4 g4 31. Bg2 Nc5 32. Rd4 Ke6 33. b4 Nd7 34. c5
Kf7 35. Nd3 Kg7 36. a4 a6 37. b5 axb5 38. axb5 cxb5 39. Rb4 Nf6 40. Nf4 Be8 41.
Kd4 Rd7+ 42. Nd5 Nh7 43. Bf1 Rf7 44. Bxb5 1-0

[Event "ENCI Limburg-open A"]
[Site "Maastricht"]
[Date "2009.06.01"]
[Round "7"]
[White "Panchanathan, Magesh"]
[Black "Driessens, Patrick"]
[Result "1/2-1/2"]
[WhiteElo "2462"]
[BlackElo "2281"]
[PlyCount "114"]
[EventDate "2009.05.29"]
[EventType "swiss"]
[EventRounds "7"]
[EventCountry "NED"]
[Source "P.Boonen"]
[SourceDate "2010.01.01"]

1. e4 e6 2. d4 d5 3. Nd2 b6 4. e5 Ba6 5. Bxa6 Nxa6 6. c3 Qd7 7. Qe2 Nb8 8. f4
c5 9. Ngf3 Nc6 10. O-O Nh6 11. dxc5 Bxc5+ 12. Kh1 Be7 13. Nb3 O-O 14. Be3 f6
15. a4 fxe5 16. fxe5 Nf7 17. Bf4 Nh8 18. Bg3 Ng6 19. c4 Nb4 20. Rfd1 Rfd8 21.
cxd5 Nxd5 22. Nbd4 a6 23. Rac1 Bc5 24. Ng5 Nf8 25. Qe4 Bxd4 26. Qxd4 Rac8 27.
Rxc8 Qxc8 28. h3 h6 29. Ne4 Qc2 30. Rf1 Ng6 31. Nd6 Rf8 32. Rxf8+ Nxf8 33. Kh2
Qe2 34. Qe4 Qxe4 35. Nxe4 Nd7 36. Kg1 Kf7 37. Kf2 Kg6 38. Ke2 h5 39. Kd3 Nb4+
40. Kc3 Nc6 41. Nd6 Ncxe5 42. Bf2 Nc6 43. b4 Ne7 44. Bd4 Nf5 45. Nxf5 Kxf5 46.
Bxg7 Kf4 47. Kd4 Kg3 48. Bh6 Kxg2 49. h4 Kf3 50. Bg5 Kg4 51. Ke4 a5 52. bxa5
bxa5 53. Bd8 Nc5+ 54. Ke5 Nxa4 55. Bxa5 Kxh4 56. Kxe6 Kg4 57. Be1 h4 1/2-1/2

[Event "ENCI Limburg-open A"]
[Site "Maastricht"]
[Date "2009.06.01"]
[Round "7"]
[White "Pedersen, Nicolai Vesterbaek"]
[Black "Dgebuadze, Alexandre"]
[Result "1-0"]
[WhiteElo "2417"]
[BlackElo "2539"]
[PlyCount "76"]
[EventDate "2009.05.29"]
[EventType "swiss"]
[EventRounds "7"]
[EventCountry "NED"]
[Source "P.Boonen"]
[SourceDate "2010.01.01"]

1. d4 Nf6 2. c4 e6 3. g3 c5 4. Nf3 cxd4 5. Nxd4 d5 6. Bg2 e5 7. Nf3 d4 8. O-O
Nc6 9. e3 Be7 10. exd4 exd4 11. Bf4 O-O 12. Ne5 Qb6 13. Qb3 Na5 14. Qc2 Rd8 15.
Na3 Be6 16. Rab1 Nc6 17. Nxc6 bxc6 18. Qd3 Rac8 19. Nc2 Qa5 20. Bd2 Qh5 21. Bf4
Bf5 22. Qb3 g5 23. Rbe1 gxf4 24. Rxe7 d3 25. Ne1 d2 26. Nf3 Rd3 27. Qd1 Bg4 28.
Re5 Bxf3 29. Rxh5 Bxd1 30. Rg5+ Kf8 31. Rxd1 Re8 32. Kf1 f3 33. Bh3 Re2 34. Rg4
Nxg4 35. Bxg4 Ke7 36. Bf5 Rd4 37. Bxh7 Rxc4 38. Bd3 Re1+ 1-0

[Event "ENCI Limburg-open A"]
[Site "Maastricht"]
[Date "2009.06.01"]
[Round "7"]
[White "Ranucci, Marcello"]
[Black "Serbu, Eli"]
[Result "0-1"]
[WhiteElo "1950"]
[BlackElo "2180"]
[PlyCount "64"]
[EventDate "2009.05.29"]
[EventType "swiss"]
[EventRounds "7"]
[EventCountry "NED"]
[Source "P.Boonen"]
[SourceDate "2010.01.01"]

1. e4 c5 2. Nf3 Nc6 3. d4 cxd4 4. Nxd4 Qc7 5. Be3 Nf6 6. Bd3 e6 7. O-O a6 8. c4
d6 9. Nxc6 bxc6 10. f4 Rb8 11. b3 Be7 12. Nc3 h5 13. h3 c5 14. Bc2 Bb7 15. Qd2
h4 16. f5 Nd7 17. Bg5 Ne5 18. Qf4 Rh5 19. f6 Bxf6 20. Bxf6 gxf6 21. Qxf6 Qe7
22. Bd1 Rh7 23. Bg4 Qxf6 24. Rxf6 Ke7 25. Rff1 Rg8 26. Rfe1 Rg5 27. Kh2 Rhg7
28. a4 Nxg4+ 29. hxg4 Rxg4 30. Kh3 Rg3+ 31. Kxh4 Rxg2 32. Kh3 R2g3+ 0-1

[Event "ENCI Limburg-open A"]
[Site "Maastricht"]
[Date "2009.06.01"]
[Round "7"]
[White "Schaeken, Yordi"]
[Black "Lambrechts, Koen"]
[Result "1/2-1/2"]
[WhiteElo "2023"]
[BlackElo "2174"]
[PlyCount "26"]
[EventDate "2009.05.29"]
[EventType "swiss"]
[EventRounds "7"]
[EventCountry "NED"]
[Source "P.Boonen"]
[SourceDate "2010.01.01"]

1. d4 e6 2. c4 b6 3. Nf3 Bb7 4. e3 Nf6 5. Bd3 c5 6. Nc3 d5 7. O-O Nbd7 8. Qe2
cxd4 9. exd4 dxc4 10. Bxc4 Be7 11. Re1 O-O 12. Bf4 Bb4 13. Rac1 Bxc3 1/2-1/2

[Event "ENCI Limburg-open A"]
[Site "Maastricht"]
[Date "2009.06.01"]
[Round "7"]
[White "Schiffers, Sascha"]
[Black "Pedersen, Lars Erik"]
[Result "0-1"]
[WhiteElo "2139"]
[BlackElo "2049"]
[PlyCount "98"]
[EventDate "2009.05.29"]
[EventType "swiss"]
[EventRounds "7"]
[EventCountry "NED"]
[Source "P.Boonen"]
[SourceDate "2010.01.01"]

1. e4 c5 2. c3 d5 3. exd5 Qxd5 4. d4 Nc6 5. Nf3 cxd4 6. cxd4 Bg4 7. Nc3 Qa5 8.
Bd2 e6 9. Qb3 Bxf3 10. gxf3 Bb4 11. Bb5 Nge7 12. a3 O-O 13. O-O Nxd4 14. Qxb4
Nxf3+ 15. Kg2 Qxb4 16. axb4 Nxd2 17. Rfe1 Nb3 18. Rad1 Rfd8 19. Ne2 Nf5 20. Bd7
a5 21. bxa5 Nxa5 22. Nf4 Nh4+ 23. Kg3 Ng6 24. Ne2 Ne5 25. Bb5 Rxd1 26. Rxd1 Kf8
27. Nc3 Ke7 28. Re1 Nec6 29. Nd5+ Kf8 30. Nc3 Rd8 31. Rd1 Rxd1 32. Nxd1 Ke7 33.
Nc3 f5 34. Ne2 e5 35. Nc1 Nd4 36. Ba4 Nc4 37. b4 Nb2 38. Bb3 Nxb3 39. Nxb3 h6
40. Nd2 Ke6 41. Kf3 g5 42. Ke3 g4 43. Nb1 f4+ 44. Ke2 e4 45. Nc3 Ke5 46. Kf1 h5
47. Kg1 h4 48. Kf1 Nc4 49. b5 f3 0-1

[Event "ENCI Limburg-open A"]
[Site "Maastricht"]
[Date "2009.06.01"]
[Round "7"]
[White "Simenon, Stefan"]
[Black "Oosterman, Maarten Jan"]
[Result "1/2-1/2"]
[WhiteElo "2109"]
[BlackElo "2005"]
[PlyCount "120"]
[EventDate "2009.05.29"]
[EventType "swiss"]
[EventRounds "7"]
[EventCountry "NED"]
[Source "P.Boonen"]
[SourceDate "2010.01.01"]

1. d4 d5 2. Nf3 c6 3. c3 Bf5 4. Bf4 e6 5. e3 Nf6 6. Bd3 Bxd3 7. Qxd3 Ne4 8.
Nbd2 Nxd2 9. Nxd2 Bd6 10. O-O Bxf4 11. exf4 O-O 12. Rfe1 Nd7 13. Re3 c5 14.
Rae1 cxd4 15. cxd4 Rc8 16. f5 exf5 17. Qxf5 Nf6 18. h4 Qd7 19. Qg5 Rfe8 20. Re5
Rxe5 21. dxe5 Ne8 22. h5 Rc6 23. Nf3 h6 24. Qe3 Rb6 25. b3 Nc7 26. Nd4 Nb5 27.
Rd1 Qg4 28. f3 Qxh5 29. e6 fxe6 30. Nxe6 Qf5 31. Re1 Qf6 32. Nf4 d4 33. Qe8+
Qf8 34. Qe4 Qc5 35. Kh1 Nd6 36. Qe7 Qg5 37. Qe6+ Kh7 38. Nd5 Ra6 39. Ne7 Qh5+
40. Kg1 Qf7 41. Qe5 d3 42. Qd4 Nf5 43. Qxd3 g6 44. Nxf5 gxf5 45. Re5 Kg6 46. g4
Rf6 47. Kg2 h5 48. Qd8 hxg4 49. Re7 gxf3+ 50. Kxf3 Qf8 51. Qc7 f4 52. Qxb7 Rf7
53. Qe4+ Rf5 54. Rxa7 Qc8 55. Qc4 Qxc4 56. bxc4 Rc5 57. Ra4 Kf5 58. Rb4 Ke5 59.
a3 Kd4 60. Kxf4 Rxc4 1/2-1/2

[Event "ENCI Limburg-open A"]
[Site "Maastricht"]
[Date "2009.06.01"]
[Round "7"]
[White "Skutta, Bernd"]
[Black "Soors, Stef"]
[Result "0-1"]
[WhiteElo "2130"]
[BlackElo "2241"]
[PlyCount "92"]
[EventDate "2009.05.29"]
[EventType "swiss"]
[EventRounds "7"]
[EventCountry "NED"]
[Source "P.Boonen"]
[SourceDate "2010.01.01"]

1. d4 d5 2. Nf3 Nf6 3. c4 c6 4. cxd5 cxd5 5. Nc3 Nc6 6. Bf4 Bf5 7. e3 e6 8. a3
Bd6 9. Bxd6 Qxd6 10. Be2 h6 11. O-O O-O 12. Rc1 Rfc8 13. b4 Ne4 14. Qb3 a5 15.
Na4 axb4 16. Nb6 Nxd4 17. Rxc8+ Rxc8 18. Nxc8 Nxe2+ 19. Kh1 Qc5 20. Qb2 N2c3
21. Qxb4 Qxc8 22. Nd4 Qc4 23. Qxc4 dxc4 24. f3 Nc5 25. Rc1 N5a4 26. e4 Bg6 27.
g4 e5 28. Nc2 b5 29. Kg2 Ne2 30. Rd1 Nf4+ 31. Kf2 Nd3+ 32. Ke3 f6 33. Nb4 Nab2
34. Rb1 Be8 35. Kd2 Kh7 36. Kc2 Kg6 37. Nxd3 Nxd3 38. Kc3 h5 39. a4 bxa4 40.
Kxc4 Nf2 41. gxh5+ Kh6 42. Rf1 Nh3 43. Rb1 Bxh5 44. Rb8 Ng5 45. Rh8+ Kg6 46.
Kd3 Nxf3 0-1

[Event "ENCI Limburg-open A"]
[Site "Maastricht"]
[Date "2009.06.01"]
[Round "7"]
[White "Smits, Sebastiaan"]
[Black "Wigger, Jochen"]
[Result "0-1"]
[WhiteElo "2157"]
[BlackElo "2309"]
[PlyCount "70"]
[EventDate "2009.05.29"]
[EventType "swiss"]
[EventRounds "7"]
[EventCountry "NED"]
[Source "P.Boonen"]
[SourceDate "2010.01.01"]

1. e4 c6 2. d4 d5 3. e5 c5 4. dxc5 Nc6 5. Bb5 e6 6. Be3 Nge7 7. c3 Bd7 8. Bxc6
Nxc6 9. Nf3 Qc7 10. Bd4 Nxd4 11. cxd4 b6 12. cxb6 Qxb6 13. Qb3 Qc6 14. Nc3 Be7
15. Kd2 O-O 16. Rhc1 Rab8 17. Qc2 f6 18. Ke1 Qb6 19. b3 Ba3 20. Rd1 Rbc8 21.
Rd3 Rc7 22. exf6 gxf6 23. Ng1 Rfc8 24. Nge2 Bb5 25. Rg3+ Kh8 26. Qd2 Bxe2 27.
Kxe2 Qa6+ 28. Ke1 Qa5 29. Qf4 Rf7 30. Qg4 Bd6 31. f4 f5 32. Qg5 Be7 33. Qh5
Rxc3 34. Qxf7 Rc1+ 35. Kf2 Qe1+ 0-1

[Event "ENCI Limburg-open A"]
[Site "Maastricht"]
[Date "2009.06.01"]
[Round "7"]
[White "Sundararajan, Kidambi"]
[Black "Nabuurs, Joep"]
[Result "1-0"]
[WhiteElo "2487"]
[BlackElo "2227"]
[PlyCount "43"]
[EventDate "2009.05.29"]
[EventType "swiss"]
[EventRounds "7"]
[EventCountry "NED"]
[Source "P.Boonen"]
[SourceDate "2010.01.01"]

1. Nf3 d6 2. d4 Bg4 3. c4 Nd7 4. Nc3 e5 5. g3 Bxf3 6. exf3 g6 7. Bg2 Bg7 8.
dxe5 Nxe5 9. f4 Nc6 10. f5 gxf5 11. Nd5 Nd4 12. O-O c6 13. Nf4 Qd7 14. Nh5 Ne6
15. Nxg7+ Nxg7 16. Qd4 Kf8 17. Bf4 Rd8 18. Rad1 Ne7 19. Bxd6 Kg8 20. Qf6 Nd5
21. Bxd5 Qxd6 22. Qxf7# 1-0

[Event "ENCI Limburg-open A"]
[Site "Maastricht"]
[Date "2009.06.01"]
[Round "7"]
[White "Van Es, Gerard"]
[Black "Sprangers, Remco"]
[Result "0-1"]
[WhiteElo "2084"]
[BlackElo "2231"]
[PlyCount "84"]
[EventDate "2009.05.29"]
[EventType "swiss"]
[EventRounds "7"]
[EventCountry "NED"]
[Source "P.Boonen"]
[SourceDate "2010.01.01"]

1. e4 c5 2. Nf3 d6 3. d4 cxd4 4. Nxd4 Nf6 5. Nc3 a6 6. Be2 e5 7. Nb3 Be7 8. Be3
O-O 9. Nd5 Nxd5 10. Qxd5 Nc6 11. Qd2 f5 12. exf5 d5 13. f4 d4 14. Bf2 Bb4 15.
c3 dxc3 16. bxc3 Qxd2+ 17. Kxd2 Rd8+ 18. Kc2 Bxf5+ 19. Kb2 Bd6 20. g4 Be6 21.
f5 Bf7 22. Bb6 Rdc8 23. a4 Ne7 24. Rhd1 Nd5 25. Na5 Bf8 26. Rxd5 Bxd5 27. Rd1
Bc5 28. Bxc5 Rxc5 29. Rxd5 Rxd5 30. Bc4 Rad8 31. Nxb7 Kf8 32. Nxd8 Rxd8 33.
Bxa6 Rd2+ 34. Kb3 e4 35. c4 e3 36. c5 e2 37. Bxe2 Rxe2 38. a5 Ke7 39. Kc4 Kd7
40. Kd5 Rd2+ 41. Ke5 Rxh2 42. a6 Ra2 0-1

[Event "ENCI Limburg-open A"]
[Site "Maastricht"]
[Date "2009.06.01"]
[Round "7"]
[White "Van Gool, Henk"]
[Black "Klein, Felix"]
[Result "1/2-1/2"]
[WhiteElo "2125"]
[BlackElo "2288"]
[PlyCount "69"]
[EventDate "2009.05.29"]
[EventType "swiss"]
[EventRounds "7"]
[EventCountry "NED"]
[Source "P.Boonen"]
[SourceDate "2010.01.01"]

1. d4 d5 2. Nf3 c6 3. g3 Bf5 4. Bg2 e6 5. O-O Nf6 6. b3 Be7 7. Bb2 O-O 8. c4
Nbd7 9. Nc3 h6 10. Nd2 a5 11. e4 dxe4 12. Ndxe4 Nxe4 13. Nxe4 a4 14. g4 Bh7 15.
f4 axb3 16. axb3 Qb6 17. f5 exf5 18. gxf5 Nf6 19. Ng3 Rxa1 20. Bxa1 Ra8 21. Kh1
Ra2 22. d5 cxd5 23. cxd5 Qb4 24. Bxf6 Bxf6 25. Ne4 Be5 26. Qg4 Kf8 27. f6 gxf6
28. Nxf6 Qxg4 29. Nxg4 Bd6 30. Nxh6 Bg6 31. Nf5 Bxf5 32. Rxf5 Rb2 33. Rf3 Rd2
34. h3 Rxd5 35. Rxf7+ 1/2-1/2

[Event "ENCI Limburg-open A"]
[Site "Maastricht"]
[Date "2009.06.01"]
[Round "7"]
[White "Verstraeten, Reinaert"]
[Black "Haast, Anne"]
[Result "0-1"]
[WhiteElo "1993"]
[BlackElo "2144"]
[PlyCount "76"]
[EventDate "2009.05.29"]
[EventType "swiss"]
[EventRounds "7"]
[EventCountry "NED"]
[Source "P.Boonen"]
[SourceDate "2010.01.01"]

1. e4 e5 2. Nf3 Nc6 3. Bb5 a6 4. Ba4 Nf6 5. O-O Be7 6. Re1 b5 7. Bb3 O-O 8. Nc3
d6 9. h3 Nd4 10. d3 c5 11. Nxd4 exd4 12. Nd5 Nxd5 13. Bxd5 Rb8 14. f4 Be6 15.
Bxe6 fxe6 16. Qg4 Qc8 17. Bd2 c4 18. Bb4 Rb7 19. Rac1 e5 20. Qxc8 Rxc8 21. fxe5
Bg5 22. Rcd1 dxe5 23. Bd2 Bxd2 24. Rxd2 c3 25. bxc3 Rxc3 26. Rf1 Rf7 27. Rdf2
Rxf2 28. Rxf2 Ra3 29. Rf5 Rxa2 30. Rxe5 Rxc2 31. Rd5 b4 32. e5 b3 33. e6 Kf8
34. Rd8+ Ke7 35. Rb8 b2 36. Kh2 a5 37. Kg3 a4 38. Kf4 Kxe6 0-1

[Event "ENCI Limburg-open A"]
[Site "Maastricht"]
[Date "2009.06.01"]
[Round "7"]
[White "Vrancken, Gilbert"]
[Black "Reyniers, Pieter"]
[Result "1-0"]
[WhiteElo "2094"]
[BlackElo "2029"]
[PlyCount "77"]
[EventDate "2009.05.29"]
[EventType "swiss"]
[EventRounds "7"]
[EventCountry "NED"]
[Source "P.Boonen"]
[SourceDate "2010.01.01"]

1. Nf3 d6 2. d4 f5 3. g3 Nf6 4. Bg2 g6 5. c4 Bg7 6. Nc3 O-O 7. Bf4 Qe8 8. Qd2
c6 9. Bh6 e5 10. Bxg7 Kxg7 11. O-O e4 12. Ne1 d5 13. cxd5 cxd5 14. a4 Bd7 15.
Nc2 Na6 16. b4 Nc7 17. b5 h6 18. f4 a6 19. b6 Ne6 20. Nb4 Bc6 21. a5 Qd7 22.
Rfc1 Nh5 23. Nxc6 bxc6 24. Na4 g5 25. e3 gxf4 26. gxf4 Kh7 27. Rc2 Rg8 28. Rac1
Rac8 29. Nc5 Nxc5 30. Rxc5 Rg6 31. Kh1 Rcg8 32. Bh3 Ng3+ 33. hxg3 Rxg3 34. Qh2
Rxe3 35. R5c3 Rgg3 36. Qxg3 Rxg3 37. Rxg3 e3 38. Rcg1 e2 39. Bxf5+ 1-0

[Event "ENCI Limburg-open A"]
[Site "Maastricht"]
[Date "2009.06.01"]
[Round "7"]
[White "Winkels, Marcel"]
[Black "Mengerink, Ynze"]
[Result "1-0"]
[WhiteElo "2102"]
[BlackElo "2025"]
[PlyCount "89"]
[EventDate "2009.05.29"]
[EventType "swiss"]
[EventRounds "7"]
[EventCountry "NED"]
[Source "P.Boonen"]
[SourceDate "2010.01.01"]

1. e4 c6 2. d4 d5 3. exd5 cxd5 4. c4 Nf6 5. Nc3 Nc6 6. Nf3 Bg4 7. cxd5 Nxd5 8.
Qb3 Bxf3 9. gxf3 e6 10. Qxb7 Nxd4 11. Bb5+ Nxb5 12. Qc6+ Ke7 13. Qxb5 Qd7 14.
Nxd5+ Qxd5 15. Qxd5 exd5 16. Bf4 Ke6 17. O-O-O Bb4 18. a3 Ba5 19. b4 Rac8+ 20.
Kb2 Bb6 21. Rhe1+ Kf5 22. Bg3 d4 23. a4 Rc4 24. Bd6 Rhc8 25. Rd2 R8c6 26. Be7
a5 27. Rg1 Rg6 28. Rxg6 hxg6 29. Rc2 Rxc2+ 30. Kxc2 axb4 31. Bxb4 Kf4 32. a5
Ba7 33. Kd3 Kxf3 34. Bf8 Kxf2 35. Bxg7 Kg2 36. Bxd4 Bb8 37. a6 g5 38. Ke4 g4
39. Be5 Ba7 40. Kf5 Kh3 41. Kf6 Kg2 42. Kxf7 Kf3 43. Ke6 Ke4 44. Bc7 Kd4 45.
Kd6 1-0

[Event "ENCI Limburg-open A"]
[Site "Maastricht"]
[Date "2009.06.01"]
[Round "7"]
[White "Zaragatski, Ilja"]
[Black "Ducarmon, Quinten"]
[Result "1-0"]
[WhiteElo "2428"]
[BlackElo "2153"]
[PlyCount "64"]
[EventDate "2009.05.29"]
[EventType "swiss"]
[EventRounds "7"]
[EventCountry "NED"]
[Source "P.Boonen"]
[SourceDate "2010.01.01"]

1. Nf3 Nf6 2. g3 d5 3. Bg2 c6 4. O-O Bg4 5. c4 Nbd7 6. cxd5 cxd5 7. d3 e6 8.
Nc3 Bd6 9. e4 dxe4 10. dxe4 Ne5 11. Qa4+ Qd7 12. Qxd7+ Nfxd7 13. Nxe5 Bxe5 14.
f3 Bh5 15. g4 Bg6 16. f4 Bxc3 17. bxc3 f6 18. e5 O-O-O 19. Be3 Nb6 20. f5 Bf7
21. exf6 gxf6 22. fxe6 Bxe6 23. Bd4 Rhg8 24. Bxf6 Rd2 25. g5 Nd7 26. h4 h6 27.
Bd4 hxg5 28. h5 Bc4 29. Rfe1 g4 30. h6 Nf8 31. Be4 Bd3 32. Bd5 Rg6 1-0

[Event "ENCI Limburg-open B"]
[Site "Maastricht"]
[Date "2009.05.29"]
[Round "1"]
[White "Bieberle, Gerhardt"]
[Black "Pijlman, Rene"]
[Result "0-1"]
[WhiteElo "1742"]
[BlackElo "1886"]
[PlyCount "106"]
[EventDate "2009.05.29"]
[EventType "swiss"]
[EventRounds "7"]
[EventCountry "NED"]
[Source "P.Boonen"]
[SourceDate "2010.01.01"]

1. d4 Nf6 2. c4 e6 3. e3 Bb4+ 4. Bd2 Qe7 5. a3 Bxd2+ 6. Nxd2 e5 7. dxe5 Qxe5 8.
Qc2 b6 9. Ngf3 Qe7 10. Bd3 Bb7 11. O-O Nc6 12. Rae1 Ne5 13. Nxe5 Qxe5 14. f4
Qh5 15. e4 Ng4 16. h3 Qc5+ 17. Kh1 Ne3 18. Qc3 Nxf1 19. Rxf1 O-O-O 20. b4 Qh5
21. c5 d5 22. c6 Ba8 23. e5 Qh6 24. b5 a5 25. Nb3 g5 26. fxg5 Qxg5 27. Rxf7
Rhg8 28. g4 d4 29. Qe1 h5 30. Rf3 hxg4 31. Bf5+ Kb8 32. Bxg4 Rd5 33. Rf5 Qe7
34. a4 Qa3 35. Rf3 Qxa4 36. Be6 Qxb5 37. Bxg8 Rxe5 38. Rf8+ Ka7 39. Rxa8+ Kxa8
40. Qf2 Qxc6+ 41. Kh2 Qd6 42. Kh1 d3 43. Qf3+ Ka7 44. Nd2 Re1+ 45. Nf1 d2 46.
Bb3 d1=Q 47. Bxd1 Rxd1 48. h4 Rd3 49. Qf2 Qd4 50. Qh2 Qe4+ 51. Kg1 Qg4+ 52. Qg2
Qxh4 53. Qg7 Qe4 0-1

[Event "ENCI Limburg-open B"]
[Site "Maastricht"]
[Date "2009.05.29"]
[Round "1"]
[White "Blijlevens, Pim"]
[Black "Breest, Axel"]
[Result "1-0"]
[WhiteElo "1941"]
[BlackElo "1818"]
[PlyCount "103"]
[EventDate "2009.05.29"]
[EventType "swiss"]
[EventRounds "7"]
[EventCountry "NED"]
[Source "P.Boonen"]
[SourceDate "2010.01.01"]

1. d4 e5 2. dxe5 Nc6 3. Nf3 Qe7 4. e4 Nxe5 5. Nc3 Nf6 6. Bg5 c6 7. Nxe5 Qxe5 8.
f4 Qe6 9. Qd4 b6 10. Bc4 Bc5 11. Qxc5 bxc5 12. Bxe6 fxe6 13. Bxf6 gxf6 14. e5
f5 15. Na4 Rb8 16. c4 Rb4 17. b3 Ba6 18. Nxc5 Bxc4 19. bxc4 Rxc4 20. Nd3 Ke7
21. Rb1 Rc2 22. Rb2 Rxb2 23. Nxb2 Rb8 24. Nd1 Rb4 25. Rf1 d5 26. exd6+ Kxd6 27.
Rf3 Ra4 28. a3 e5 29. fxe5+ Kxe5 30. Ne3 f4 31. Nc2 Ke4 32. Rh3 c5 33. Kd2 Ra6
34. Rxh7 Rg6 35. Re7+ Kd5 36. Re2 Kc4 37. Rf2 Rd6+ 38. Kc1 Rf6 39. g3 f3 40. h4
a5 41. Kd2 Rd6+ 42. Ke3 Rd3+ 43. Ke4 Kc3 44. h5 c4 45. Ne1 Rd4+ 46. Ke5 Rd8 47.
Rxf3+ Kb2 48. Kf6 c3 49. h6 Rf8+ 50. Kg7 Rxf3 51. Nxf3 c2 52. Ne1 1-0

[Event "ENCI Limburg-open B"]
[Site "Maastricht"]
[Date "2009.05.29"]
[Round "1"]
[White "Brecker, Hans Joerg"]
[Black "Reenaers, Johan"]
[Result "1-0"]
[WhiteElo "1893"]
[BlackElo "1776"]
[PlyCount "89"]
[EventDate "2009.05.29"]
[EventType "swiss"]
[EventRounds "7"]
[EventCountry "NED"]
[Source "P.Boonen"]
[SourceDate "2010.01.01"]

1. d4 f5 2. c4 c6 3. Nc3 Nf6 4. Nf3 e6 5. a3 Be7 6. Bf4 d6 7. e3 O-O 8. Qc2 Nh5
9. Bg3 Bd7 10. Be2 Be8 11. Nd2 Bg6 12. Qd1 Nf6 13. b4 a6 14. c5 d5 15. a4 Nbd7
16. O-O b5 17. Qb3 Qc8 18. axb5 cxb5 19. Ra3 Qc6 20. Rfa1 Bf7 21. Qa2 Nxc5 22.
Bxb5 axb5 23. Rxa8 Ncd7 24. Rxf8+ Bxf8 25. Qb3 e5 26. Ra5 Ne4 27. Ndxe4 dxe4
28. d5 Qf6 29. h3 f4 30. Bh2 Qg6 31. exf4 exf4 32. Bxf4 Nf6 33. Rxb5 Nh5 34.
Be3 h6 35. Qc4 Qa6 36. Qc6 Qa1+ 37. Kh2 Nf6 38. d6 Bxd6+ 39. Qxd6 Qxc3 40. Bd4
Qc4 41. Rb8+ Kh7 42. Bxf6 gxf6 43. b5 Qa2 44. Qxf6 Qa7 45. Rh8# 1-0

[Event "ENCI Limburg-open B"]
[Site "Maastricht"]
[Date "2009.05.29"]
[Round "1"]
[White "Broekmeulen, Joris"]
[Black "Titgemeyer, Thomas"]
[Result "1-0"]
[WhiteElo "1931"]
[BlackElo "1799"]
[PlyCount "45"]
[EventDate "2009.05.29"]
[EventType "swiss"]
[EventRounds "7"]
[EventCountry "NED"]
[Source "P.Boonen"]
[SourceDate "2010.01.01"]

1. e4 c5 2. Nf3 d6 3. d4 cxd4 4. Nxd4 Nf6 5. Nc3 a6 6. Bg5 e6 7. f4 Be7 8. Qf3
Nbd7 9. O-O-O Qc7 10. g4 b5 11. Bxf6 Nxf6 12. g5 Nd7 13. f5 Nc5 14. f6 gxf6 15.
gxf6 Bf8 16. Rg1 b4 17. Nd5 exd5 18. exd5 Bd7 19. Re1+ Kd8 20. Rg7 Be8 21. Qe3
Bxg7 22. fxg7 Rg8 23. Qxe8+ 1-0